000
00292nam a22001217a 4500
008
171017b xxu||||| |||| 00| 0 eng d
041
_a
eng
080
_a
330.101.542
100
_a
52
101
_a
MIK
245
_a
MICROECONOMIC THEORY OF THE MARKET MECHANISM
_c
KUENNE,R.E
942
_2
udc
_c
BK
999
_c
34422
_d
34422